000 00422nam a22001697a 4500
005 20180904120347.0
008 160615b xxu||||| |||| 00| 0 eng d
020 _a81-203-2377-7
041 _aeng
082 _b7609
_a658.4013
100 _aMitra, Amitava
_9781
245 _aFundamentals of Quality Control and Improvement
260 _bPHI
_c2003
_adelhi
300 _a713p,
650 _aManagement
_9241
942 _cBK
999 _c2719
_d2718